Vowel-less Movie Titles Quiz Stats

 Plays Quiz Updated Sep 9, 2012

Challenge
Share
Tweet
Embed
Score 0/20 Timer 04:00
3 Plays Today
Title without vowels Title with vowels % Correct
csblncCasablanca
98.4%
gnwththwndGone with the Wind
90.4%
thwzrdfzThe Wizard of Oz
89.9%
gdwllhntngGood Will Hunting
88.6%
thkngsspchThe King's Speech
86.5%
slmdgmllnrSlumdog Millionaire
80.3%
thhngvrThe Hangover
79.5%
thdvlwrsprdThe Devil Wears Prada
78.8%
fldfdrmsField of Dreams
51%
lfElf
50.8%
Title without vowels Title with vowels % Correct
btflmndA Beautiful Mind
49.3%
fwgdmnA Few Good Men
48.3%
frgFargo
48.2%
thgrdtThe Graduate
46.3%
thrwllbbldThere Will Be Blood
45.2%
ldschlOld School
44.1%
thgnsThe Goonies
42.3%
nmlhsAnimal House
21.3%
mlnrgMoulin Rouge!
20.8%
mrcnpAmerican Pie
15.1%

You're not logged in!

Compare scores with friends on all Sporcle quizzes.
OR
Log In

You Might Also Like...

Show Comments

Extras

Top Quizzes Today


Score Distribution

Your Account Isn't Verified!

In order to create a playlist on Sporcle, you need to verify the email address you used during registration. Go to your Sporcle Settings to finish the process.

Report this User

Report this user for behavior that violates our Community Guidelines.

Details: